Statistiken für Länder auf dem Nullmeridian

Klicken Sie hier um das Quiz zu spielen!

Allgemein

  • Dieses Quiz wurde 103 mal gespielt
  • Das Durchschnittsergebnis liegt bei 7 aus 8

Antwortstatistiken

Länge im Land in kmAntwort% Korrekt
1.555Algerien
91%
760Mali
90%
735Frankreich
89%
319Großbritannien
84%
569Ghana
80%
336Spanien
80%
430Burkina Faso
76%
39Togo
69%

Verteilung der Resultate

Perzentil nach korrekt beantworteten Fragen

Anzahl Personen mit jedem Resultat

Ihre Resultats-Entwicklung

Sie haben dieses Quiz noch nicht gespielt